| 000 | 00384nam a22001457a 4500 | ||
|---|---|---|---|
| 003 | OSt | ||
| 005 | 20230823111013.0 | ||
| 008 | 190423b xxu||||| |||| 00| 0 eng d | ||
| 040 | _cIIMT UNIVERSITY | ||
| 100 | _aJAIN. SP. | ||
| 245 | _aCOST AND MANAGEMENT ACCOUNTING | ||
| 260 |
_aNEW DELHI _bKALIYANI PUB _c2009 |
||
| 300 | _a17.12 | ||
| 942 |
_2ddc _c02 _e2009 |
||
| 999 |
_c46789 _d46789 |
||